01186nam a22002537a 45000010005000000030006000050050017000110080041000280200018000690400029000870500009001160820010001251000021001352450036001562500036001922600056002283000047002844900049003315050007003805200494003875210018008815210018008996500015009177279FISKH20250723150912.0250708b cb ||||| |||| 00| 0 eng d a9780194646307 aFISKHbengcFISKHdFISKH aPZ7  a428.6 aKhanduri, Kamini aIn the sky / cKamini Khanduri  aThis edition published in 2016  aUnited Kingdom : bOxford University Press, c2012  a32 pages : bcolor illustrations ; c21 cm aOxford read and discover : vDiscover ! 1 /  aG  aThis exciting new series of non-fiction readers provides interesting and educational content, with activities and project work. The readers are graded at four levels, from 3 to 6, suitable for students from age 8 and older. They can support Content and Language Integrated Learning (CLIL), andcover a broad range of topics, within three curriculum areas:The World of Science and TechnologyThe Natural WorldThe World of Arts and Social StudiesAlso available for each reader:* Activity Book*8 a320 bLexile 8 aG bRaz-Plus  aAstronomy